000 00622nam a2200229Ia 4500
003 OSt
005 20221007065017.0
006 a|||||r|||| 00| 0
007 ta
008 221006b |||||||| |||| 00| 0 eng d
024 _a16,577
037 _cTextual
040 _aFLL
_cFLL
_beng
041 _2eng
_aeng
082 _aY1:45:6.2.N, K7
100 _aSangar S.P.
_9686540
245 0 _aCrime and punishment in mughal India
260 _aDelhi
_bSterling Publishers (P) Ltd. India
_c1967
300 _a249p
_ccm.
942 _hY1:45:6.2.N, K7
_cTEXL
_2CC
999 _c1136020
_d1136020